000 00465nam a22001697a 4500
005 20231121120459.0
008 231121b |||||||| |||| 00| 0 eng d
020 _a0934143676
041 _aEnglish
082 _a342.8 IND
100 _lEnglish
245 _aIn Defense of Rights :
_bAttacks on Lawyers and Judges in 1993
260 _c1994
300 _bxvi, 231 pages ;
_c24 cm.
650 _aLegal practice
942 _cBK
_6ALISON_BN_VRIES
999 _c839
_d839